| 000 | 01341cam a22003255i 4500 | ||
|---|---|---|---|
| 999 |
_c27638 _d27609 |
||
| 001 | 015102998 | ||
| 003 | EG-ScBUE | ||
| 005 | 20190922124644.0 | ||
| 008 | 090328s2009 enka f bf 001 0 eng d | ||
| 020 | _a9780199566020 (pbk.) | ||
| 040 |
_aStDuBDS _beng _erda _cStDuBDS _dUk _dEG-ScBUE |
||
| 082 | 0 | 4 |
_a320.3 _bOXF _222 |
| 245 | 0 | 4 |
_aThe Oxford handbook of comparative politics / _cedited by Carles Boix and Susan C. Stokes. |
| 246 | 3 | 0 | _aHandbook of comparative politics |
| 246 | 3 | 0 | _aComparative politics |
| 264 | 1 |
_aOxford, United Kingdom : _bOxford University Press, _c2009. |
|
| 300 |
_axi, 1021 p. : _billustrations ; _c25 cm. |
||
| 336 |
_atext _btxt _2rdacontent |
||
| 337 |
_aunmediated _bn _2rdamedia |
||
| 338 |
_avolume _bnc _2rdacarrier |
||
| 490 | 0 | _aOxford handbooks of political science | |
| 500 | _aOriginally published: 2007. | ||
| 504 | _aIncludes bibliographical references and index. | ||
| 520 | _aThis text offers a critical survey of empirical political science with contributions from 47 different scholars in the discipline. The reader is provided with key research methodologies, case-studies, and historical contexts. | ||
| 650 | 7 |
_aComparative government. _2BUEsh |
|
| 653 |
_bMASPPSS _cSeptember2019 |
||
| 700 | 1 |
_aBoix, Carles, _eeditor. |
|
| 700 | 1 |
_aStokes, Susan Carol, _eeditor. |
|
| 942 |
_2ddc _cBB |
||